NBA Triple Double Active Player - Statistics

General Stats
  • This quiz has been taken 8,689 times
    236 since last reset
  • The average score is 52 of 112
Answer Stats
Player Team % Correct
198 Nikola Jokić DEN
100%
123 LeBron James LAL
99%
208 Russell Westbrook SAC
99%
90 Luka Dončić LAL
97%
81 James Harden CLE
96%
33 Draymond Green GSW
95%
56 Giannis Antetokounmpo MIL
95%
10 Stephen Curry GSW
95%
1 Jalen Green PHO
91%
68 Domantas Sabonis SAC
90%
9 Joel Embiid PHI
87%
18 Kevin Durant HOU
84%
4 Karl-Anthony Towns NYK
82%
11 LaMelo Ball CHA
81%
4 Paul George PHI
81%
12 Ja Morant MEM
80%
31 Josh Giddey CHI
80%
14 Cade Cunningham DET
79%
8 Lonzo Ball FA
76%
1 Bruce Brown DEN
75%
6 Jaylen Brown BOS
75%
5 Jayson Tatum BOS
75%
1 Tyrese Maxey PHI
75%
2 Zion Williamson NOP
75%
4 Amen Thompson HOU
74%
19 Jimmy Butler GSW
74%
2 Kawhi Leonard LAC
74%
9 Scottie Barnes TOR
74%
4 Anthony Davis WAS
73%
12 Alperen Şengün HOU
71%
5 Damian Lillard POR
71%
15 Jalen Johnson ATL
71%
1 Tyrese Haliburton IND
71%
4 Victor Wembanyama SAS
71%
3 Jaylin Williams OKC
70%
17 Josh Hart NYK
69%
1 Robert Williams POR
69%
7 Pascal Siakam IND
68%
3 Trae Young WAS
68%
8 Bam Adebayo MIA
66%
1 Jamal Murray DEN
65%
5 Paolo Banchero ORL
65%
20 Dejounte Murray NOP
64%
16 Julius Randle MIN
63%
1 Derrick White BOS
60%
3 Brandon Ingram TOR
59%
1 DeMar DeRozan SAC
59%
21 Kyle Lowry PHI
58%
2 Shai Gilgeous-Alexander OKC
56%
1 De'Aaron Fox SAS
55%
1 Miles Bridges CHA
53%
5 Stephon Castle SAS
53%
3 Kyrie Irving DAL
52%
1 Darius Garland LAC
49%
6 Nikola Vučević BOS
48%
5 Deni Avdija POR
47%
4 Jrue Holiday POR
46%
3 Austin Reaves LAL
45%
5 Kevin Porter Jr. MIL
43%
2 Khris Middleton WAS
43%
1 Ivica Zubac IND
42%
2 Aaron Gordon DEN
40%
2 Al Horford GSW
40%
1 C.J. McCollum ATL
40%
2 Bradley Beal LAC
39%
1 Tyler Herro MIA
36%
2 RJ Barrett TOR
34%
1 Tobias Harris DET
34%
2 Tre Jones CHI
31%
2 Tyus Jones DAL
31%
3 Kevin Love UTA
29%
1 Andrew Wiggins MIA
28%
2 Fred VanVleet HOU
28%
9 Nicolas Batum LAC
25%
1 Payton Pritchard BOS
25%
2 Kyle Kuzma MIL
24%
1 Desmond Bane ORL
23%
1 Clint Capela HOU
22%
2 Immanuel Quickley TOR
22%
2 Dyson Daniels ATL
21%
1 Jordan Clarkson NYK
21%
2 Nic Claxton BRK
21%
1 Marcus Smart LAL
19%
1 Isaiah Hartenstein OKC
18%
1 Jalen Suggs ORL
16%
4 Jusuf Nurkic UTA
16%
1 Steven Adams HOU
16%
1 D'Angelo Russell WAS
13%
1 Jonas Valančiūnas DEN
13%
2 Derik Queen NOP
12%
1 Bilal Coulibaly WAS
11%
3 T.J. McConnell IND
11%
1 Max Strus CLE
9%
2 Ayo Dosunmu MIN
8%
3 John Konchar UTA
8%
1 Keaton Wallace ATL
8%
4 Kyle Anderson UTA
8%
1 Luke Kennard LAL
8%
1 Jaime Jaquez Jr. MIA
7%
1 Scotty Pippen Jr. MEM
6%
1 Caris LeVert DET
5%
1 Bez Mbeng UTA
4%
2 Mason Plumlee CHA
4%
1 Tre Mann CHA
4%
1 Jahmai Mashack MEM
2%
1 Jalen Pickett DEN
2%
1 Royce O'Neale PHO
2%
1 Trendon Watford PHI
2%
1 Jericho Sims MIL
1%
1 Jonathan Mogbo TOR
1%
1 Rayan Rupert MEM
1%
1 Lachlan Olbrich CHI
0%
No matching quizzes found
Score Distribution
Percent of People with Each Score
Percentile by Number Answered
Your Score History
You have not taken this quiz since the last reset